Programovateľné regulátory. STN 18 7050. EN 61131-2/A11 : Časť 2: Požiadavky na zariadenia a skúšky. Zmena A11. Jún 2002
Na minha lista:
| Formato: | Livro |
|---|---|
| Idioma: | tcheco eslovaco |
| Publicado em: |
Bratislava :
Slovenský ústav technickej normalizácie,
2002
|
| Assuntos: | |
| Tags: |
Sem tags, seja o primeiro a adicionar uma tag!
|
MARC
| LEADER | 00000nam a22000003a 4500 | ||
|---|---|---|---|
| 001 | stu80012 | ||
| 005 | 20150408161621.1 | ||
| 008 | 030324s2002----xo------------------cze-d | ||
| 040 | |a STU |b slo | ||
| 041 | 0 | |a cze |a slo | |
| 044 | |a xo | ||
| 245 | |a Programovateľné regulátory. STN 18 7050. EN 61131-2/A11 : |b Časť 2: Požiadavky na zariadenia a skúšky. Zmena A11. Jún 2002 | ||
| 260 | |a Bratislava : |b Slovenský ústav technickej normalizácie, |c 2002 | ||
| 300 | |a 8 s | ||
| 650 | 7 | |a regulátory programovateľné |2 stusub | |
| 996 | |b 284M039686 |c M*N-850/2/A11-1 |l MMKN |s A |a 24 |w stu80012_0001 | ||